000 00578 a2200217 4500
001 12841
003 OSt
005 20240208133154.0
008 240208b |||||||| |||| 00| 0 POR d
020 _a9788564898189
040 _aBR-BrIDEA
_cBR-BrIDEA
041 _apor
082 _aYear 1 028
090 _aYear 1 028
_bCAR
100 _aCarreira, Débora Bianca Xavier.
245 1 0 _aA mala mágica da Filó
_c Débora Bianca Xavier Carreira
260 _aBrasilia
_bLer
_c2012
697 _aLiteratura infantojuvenil.
856 _u000008/0000081c.jpg
942 _cBK
_2udc
999 _c12841
_d12841